000
00249nam a22001097a 4500
082
_a
001
_b
NAT/Q-1
245
_a
QUIZ WHIZ
260
_a
WASHINGTON
_b
NATIONAL GEOGRAPHIC SOCIETY
300
_a
175
650
_a
GENERAL KNOWLEDGE
_z
WASHINGTON
942
_c
BK
999
_c
2070
_d
2070